| 000 | 00341nam a22001457a 4500 | ||
|---|---|---|---|
| 003 | SGT | ||
| 020 | _a8190136976 | ||
| 082 | _a294.5175,SIN | ||
| 100 | _aSINGH T.D | ||
| 245 | _aSCIENCE SPIRITUALITY & THE NATURE OF REALITY | ||
| 260 |
_aKOLKATA _bBHAKTIVEDANTA INSTITUTE _c2007 |
||
| 300 | _a77 | ||
| 650 | _aRELIGION | ||
| 942 |
_2ddc _cBK |
||
| 999 |
_c23408 _d23408 |
||